000 00397nam a2200133Ia 4500
008 100328s9999 xx 000 0 und d
082 _b66478
100 _aमहाजन भास्कर.
245 _aमहारथी कर्ण.
260 _bप्राजक्ता.
630 _aमहारथी कर्ण.
730 _aमहारथी कर्ण.
942 _cBOOK
999 _c552217
_d552214